Statistics for Biggest Cities in the Developed World

Click here to take the quiz!

General Stats

  • This quiz has been taken 1,806 times
    (1,798 since last reset)
  • The average score is 16 of 20

Answer Stats

PopulationCity% Correct
21.9mNew York City
99%
14.1mLondon
97%
11.2mParis
97%
17.4mLos Angeles
96%
39.4mTokyo
96%
9.8mChicago
89%
6.4mMadrid
87%
7.0mToronto
83%
6.1mHouston
82%
24.2mSeoul
81%
17.8mOsaka
80%
6.4mDallas
78%
7.5mSan Francisco
78%
6.0mMiami
75%
7.4mBoston
72%
7.3mPhiladelphia
70%
8.3mWashington
69%
5.4mSingapore
53%
5.7mDetroit
51%
9.0mTaipei
48%

Score Distribution

Percentile by Number Answered

Percent of People with Each Score

Your Score History

You have not taken this quiz since the last reset